01098cam a22003011a 4500001001300000003000400013005001700017008004100034010001700075035001900092040002500111050002300136051001500159070002200174072000900196100003200205245012100237260004600358300003900404440003900443500013800482500003300620504002800653650002200681650003800703650002200741700003300763gs 59000231 DLC20260227111408.0780722s1956 dcuab b f000 0 eng  ags 59000231  a(OCoLC)4075187 aDLCcOClUdDNALdDLC00aQE75b.B9 no. 1092 aQE691b.C30 a407bG29B no.10920 aX4001 aCarr, Wilfred James,d1926-10aStratigraphy of middle Tertiary rocks in part of west-central Florida /cby Wilfred J. Carr and Douglas C. Alverson. aWashington, [D.C.] :bU.S. G.P.O.,c1956. aiv, 112 p. :bill., maps ;c24 cm. 0aGeological Survey bulletin ;v1092 aThis report concerns work done on behalf of the U.S. Atomic Energy Commission and is published with the permission of the Commission. aThree folded maps in pocket. aBibliography: p. 69-71. 0aGeologyzFlorida. 0aGeology, StratigraphicyTertiary. 0aBoringszFlorida.1 aAlverson, Douglas C.,d1931-